MARC

LEADER 00000nam0a2200000 4500
001 294274
005 20231102000659.0
020 |a RU  |b 84-20914 
035 |a (RuTPU)RU\TPU\book\319329 
090 |a 294274 
100 |a 20150512d1984 km y0rusy5003 ca 
101 0 |a rus 
102 |a RU 
105 |a a z 000zy 
200 1 |a "Дикие гуси" убивают на рассвете. Тайная война против Африки  |f Б. Р. Асоян 
210 |a Москва  |c Политиздат  |d 1984 
215 |a 175 с.  |c 8 л. ил. 
606 1 |a Империализм  |x Подрывная деятельность  |2 stltpush  |3 (RuTPU)RU\TPU\subj\12418  |9 39200 
610 1 |a терроризм международный 
610 1 |a иностранные наемники 
610 1 |a 20 век 
610 1 |a Африка 
610 1 |a расизм 
610 1 |a спецслужбы 
610 1 |a африканские страны 
610 1 |a войны 
610 1 |a освободительная борьба 
686 |a Ф4(0,8)5  |2 rubbk 
700 1 |a Асоян  |b Б. Р.  |g Борис Рубенович  |4 070 
801 0 |a RU  |b RuMRKP  |c 19950704  |g psbo 
801 1 |a RU  |b 63413507  |c 20150512 
801 2 |a RU  |b 63413507  |c 20180426  |g RCR 
942 |c BK